| 000 | 01620nam a2200421 c 4500 | ||
|---|---|---|---|
| 001 | 51950 | ||
| 003 | ES-MaCES | ||
| 005 | 20210915114809.0 | ||
| 008 | 210903s2021 sp 000|0 spad | ||
| 017 |
_aMU 171-2021 _bDL |
||
| 020 | _a9788409277384 | ||
| 040 |
_aES-MaCES _bspa _cES-MaCES |
||
| 100 | 1 |
_920983 _aPicazo Córdoba, Herminio |
|
| 245 | 1 | 0 |
_aPatrimonio natural y biodiversidad _b: situación actual y perspectivas ; Síntesis _cautores, Herminio Picazo Córdoba, Eloisa Romero Martínez, Juan José Ortiz García |
| 260 |
_aMurcia _bConsejo Económico y Social de la Región de Murcia _c2021 |
||
| 300 |
_a177; 50 p. _bgráf., mapas col. _c24 cm |
||
| 490 | 1 |
_aCuadernos CESRM 2021 _v15 |
|
| 504 | _aBibliografía: p. 173-175 | ||
| 541 | _cGratuito | ||
| 650 | 4 |
_apatrimonio cultural _927264 |
|
| 650 | 4 |
_aprotección del paisaje _928753 |
|
| 650 | 4 |
_areserva natural _928758 |
|
| 650 | 4 |
_aconservación de la naturaleza _928754 |
|
| 650 | 4 |
_aprotección ambiental _929423 |
|
| 650 | 4 |
_apolítica ambiental _929422 |
|
| 650 | 4 |
_aeducación ambiental _930343 |
|
| 650 | 4 |
_adesarrollo sostenible _930785 |
|
| 650 | 4 |
_aMurcia (Comunidad Autónoma) _930881 |
|
| 650 | 4 |
_aestudio de casos _928846 |
|
| 650 | 4 |
_aplan de acción _930406 |
|
| 653 | 1 | 0 | _aMedio ambiente |
| 700 | 1 |
_940083 _aRomero Martínez, Eloisa |
|
| 700 | 1 |
_940084 _aOrtiz García, Juan José |
|
| 710 | 1 |
_aConsejo Económico y Social de la Región de Murcia _eed. _92442 |
|
| 830 | 0 |
_aColección Cuadernos (Consejo Económico y Social de la Región de Murcia) _v15 _938879 |
|
| 902 | _aLIB Libro | ||
| 942 |
_2CES _cBK _h4.2. |
||
| 999 |
_c51950 _d51950 |
||